[Event "FRA-ch Blitz Online Qual"]
[Site "Europe Echecs INT"]
[Date "2020.05.16"]
[Round "4"]
[White "Druon, Thibault"]
[Black "Naillou, Jean Marc"]
[Result "0-1"]
[WhiteElo "1644"]
[BlackElo "1449"]
[PlyCount "70"]
[EventDate "2020.05.16"]
[EventType "swiss (blitz)"]
[EventRounds "15"]
[EventCountry "FRA"]
[SourceTitle "CBM 196 Extra"]
[Source "ChessBase"]
[SourceDate "2020.07.31"]
[SourceVersion "1"]
[SourceVersionDate "2020.07.31"]
[SourceQuality "1"]

1. d4 Nf6 2. c4 e6 3. Nc3 d5 4. Bg5 Be7 5. e3 0-0 6. Nf3 h6 7. Bh4 c6 8. Rc1 a5 9. Bd3 Nfd7 10. Bxe7 Qxe7 11. cxd5 exd5 12. 0-0 Nf6 13. Re1 Bg4 14. e4 dxe4 15. Nxe4 Nxe4 16. Bxe4 Qf6 17. h3 Bh5 18. Re3 Nd7 19. Bb1 Rfe8 20. Rcc3 Nb6 21. Rc5 Nd5 22. Re5 Bxf3 23. gxf3 Rxe5 24. dxe5 Qxe5 25. Qd3 Qg5+ 26. Kf1 g6 27. Rc4 Nf4 28. Qe3 Nxh3 29. Qd3 Qg1+ 30. Ke2 Nf4+ 31. Ke3 Nxd3 32. Bxd3 Qg5+ 33. f4 Re8+ 34. Kf3 Qd5+ 35. Kg3 Qxd3+ 0-1

[Event "FRA-ch Blitz Online Qual"]
[Site "Europe Echecs INT"]
[Date "2020.05.16"]
[Round "1"]
[White "Naillou, Jean Marc"]
[Black "Blachon, Pascal"]
[Result "0-1"]
[WhiteElo "1449"]
[BlackElo "1955"]
[PlyCount "55"]
[EventDate "2020.05.16"]
[EventType "swiss (blitz)"]
[EventRounds "15"]
[EventCountry "FRA"]
[SourceTitle "CBM 196 Extra"]
[Source "ChessBase"]
[SourceDate "2020.07.31"]
[SourceVersion "1"]
[SourceVersionDate "2020.07.31"]
[SourceQuality "1"]

1. e4 d5 2. exd5 c6 3. dxc6 Nxc6 4. Nc3 Nf6 5. d3 e5 6. g3 h6 7. Bg2 Bc5 8. Nge2 0-0 9. 0-0 a6 10. Be3 Bxe3 11. fxe3 Qb6 12. Qc1 Ng4 13. Rf3 Be6 14. Kh1 Rfd8 15. e4 Nf2+ 16. Rxf2 Qxf2 17. Qf1 Qb6 18. b3 Rac8 19. Nd5 Bxd5 20. exd5 Nd4 21. Nxd4 Qxd4 22. Re1 Rxc2 23. Re2 Rxe2 24. Qxe2 Rc8 25. h4 Rc3 26. Be4 g6 27. Qg4 Kg7 28. Bxg6 0-1